000 00673nam a2200217Ia 4500
005 20221217093255.0
008 131103s9999 xx 000 0 und d
040 _aLoreto College
041 _aEnglish
082 _a813.3
_bHAW-GRO
100 _aGross,Seymour L.,ed.
245 2 _aA Scarlet letter handbook
_cedited by Seymour L.Gross
260 _aSan Francisco
_bWadsworth Publishing
_c1960 (1964 printing)
300 _axiv,161 p.
440 _aWadsworth Guides To Literary Study
504 _aIncludes bibliographical references
650 _aAmerican Fiction - History and Criticism
700 _aBeebe,Maurice,series ed.
850 _aLCLIB
942 _cBK
999 _c11989
_d62468